Normal view
MARC view
- اللصاصمة، محمد حرب
Entry Personal Name
001 - CONTROL NUMBER
- control field: 63428
003 - CONTROL NUMBER IDENTIFIER
- control field: JO-AjAnu
005 - DATE AND TIME OF LATEST TRANSACTION
- control field: 20230606084343.0
008 - FIXED-LENGTH DATA ELEMENTS
- fixed length control field: 230606|| aca||aabn | a|a d
040 ## - CATALOGING SOURCE
- Original cataloging agency: JO-AjAnu
- Transcribing agency: JO-AjAnu
100 ## - HEADING--PERSONAL NAME
- Personal name: اللصاصمة، محمد حرب
670 ## - SOURCE DATA FOUND
- Source citation: Work cat.: (JO-AjAnu)32339: اللصاصمة، محمد حرب, author, تقنيات الامن السيبراني التعليمية وتطبيقاتها العملية